Recuerdos de la blanca casona

Furkejuvvon:
Bibliográfalaš dieđut
Váldodahkki: Montecinos Caro, Manuel (autor)
Materiálatiipa: Girji
Giella:espánnjágiella
Almmustuhtton: Viña del Mar, Chile Sánchez Viña 1995
Fáttát:
Fáddágilkorat: Lasit fáddágilkoriid
Eai fáddágilkorat, Lasit vuosttaš fáddágilkora!

MARC

LEADER 00000nam a2200000 a 4500
001 UCZ6000
003 CL-VaPUC
005 20220304171523.0
008 951130e19950000CL |||||||||||||||||spa|d
999 |c 242268  |d 242266 
040 |c Pontificia Universidad Católica de Valparaíso 
082 0 4 |a 808.882 MON 1995  |2 21 
100 |a Montecinos Caro, Manuel  |e autor  |9 545172 
245 1 0 |a Recuerdos de la blanca casona 
260 |a Viña del Mar, Chile  |b Sánchez Viña  |c 1995 
300 |a 215 páginas 
583 |a last modification  |c 20170606 10:50:20  |k Rodrigo Vera 
610 |2 ESCUELA NAVAL ARTURO PRAT 
650 0 |a Historia de Chile  |9 265473 
852 |a BIBCUR 
942 |c BK  |2 ddc 
945 |d 19951130 00:00:00  |a rleighto 
952 |0 0  |1 0  |2 ddc  |4 0  |6 808_882000000000000_MON_1995  |7 0  |8 A  |9 255089  |a BIBEDU  |b BIBEDU  |d 2019-11-19  |i 3156710  |o 808.882 MON 1995  |p 3156710  |r 2019-11-19  |t 1  |w 2019-11-19  |y BK  |k LIT